000 01093cab a2200229 4500
001 ABS57214
008 090401t1997 xxu||||| |||| 00| 0 eng d
035 _a(Sirsi) u78860
041 _aeng
245 _aJafton Properties Ltd v Prisk (Valuation officer)
260 _c1997
350 _a0
490 _aRating Appeals
_v(1997) RA 137-211(38)
520 _aLT 14 November 1996. Concerned with the rateable value of an hereditament occupied as offices as at 1 April 1990 and the effect of oversupply in the locality. VO granted leave to withdraw his appeals under Lands Tribunal Rules 1975, r52. Notices of intention to appear by ratepayers constituted notices of appeal and leave was granted for the appeals to be made out of time on the grounds of fairness. VO`s revised assessment of £47,000 with oversupply allowance of 5%. The final assessment was £44,650.
650 _aOFFICE BUILDINGS
650 _aOVERSUPPLY ALLOWANCE
650 _aRATING APPEALS
650 _aRATING ASSESSMENTS
690 _aRATING AND VALUATION-CASE LAW
942 _n0
948 _c11/06/1997
999 _c49562
_d49562